00682nam a2200181Ia 4500008004000000020001700040082001500057100002000072245003000092260003900122300001100161650002100172690002500193906001100218999001900229952012600248952012600374210210b1997 xxu||||| |||| 00| 0 eng d a0333 92989 6 a658.3 MONM aMONAPPA (Arun). aManaging human resources. aDelhi.bMacmillan India Ltd.c1997 axi,286 aHuman Resource  aPersonnel Management a053204 c101641d101641 001040708ManagementaALbALcManagementd2021-02-17g98.00l0o658.3 MONMp054150r2021-02-17 00:00:00w2021-02-17yBK 001040708ManagementaALbALcManagementd2021-02-17g98.00l0o658.3 MONMp053204r2021-02-17 00:00:00w2021-02-17yBK